Melt and fluid inclusions in the rhyolite xenolith from the neovulcanic basalts of the Juan de Fuca Ridge

Elmentve itt :
Bibliográfiai részletek
Szerzők: Sharapov V. N.
Tomilenko A. A.
Kovyazin S. V.
Akimtsev V. A.
Dokumentumtípus: Cikk
Megjelent: Department of Mineralogy, Geochemistry and Petrology, University of Szeged Szeged 2003
Sorozat:Acta mineralogica-petrographica 2
Acta mineralogica-petrographica : abstract series 2
Kulcsszavak:Földtan, Ásványtan, Kőzettan
Tárgyszavak:
Online Access:http://acta.bibl.u-szeged.hu/31519
LEADER 01061nab a2200253 i 4500
001 acta31519
005 20260212145242.0
008 161017s2003 hu o 000 eng d
022 |a 0324-6523, 1589-4835 
040 |a SZTE Egyetemi Kiadványok Repozitórium  |b hun 
041 |a eng 
100 1 |a Sharapov V. N. 
245 1 0 |a Melt and fluid inclusions in the rhyolite xenolith from the neovulcanic basalts of the Juan de Fuca Ridge  |h [elektronikus dokumentum] /  |c  Sharapov V. N. 
260 |a Department of Mineralogy, Geochemistry and Petrology, University of Szeged  |b Szeged  |c 2003 
300 |a 176-177 
490 0 |a Acta mineralogica-petrographica  |v 2 
490 0 |a Acta mineralogica-petrographica : abstract series  |v 2 
650 4 |a Természettudományok 
650 4 |a Föld- és kapcsolódó környezettudományok 
695 |a Földtan, Ásványtan, Kőzettan 
700 0 1 |a Tomilenko A. A.  |e aut 
700 0 1 |a Kovyazin S. V.  |e aut 
700 0 1 |a Akimtsev V. A.  |e aut 
856 4 0 |u http://acta.bibl.u-szeged.hu/31519/1/mineralogica_as_002_176-177.pdf  |z Dokumentum-elérés